Economics-XII (Record no. 11515)

MARC details
000 -LEADER
fixed length control field 00241nam a22000977a 4500
008 - FIXED-LENGTH DATA ELEMENTS--GENERAL INFORMATION
fixed length control field 190531b ||||| |||| 00| 0 eng d
020 ## - INTERNATIONAL STANDARD BOOK NUMBER
International Standard Book Number 9788121933452
100 ## - MAIN ENTRY--PERSONAL NAME
Personal name Wason,V.
9 (RLIN) 7231
245 ## - TITLE STATEMENT
Title Economics-XII
260 ## - PUBLICATION, DISTRIBUTION, ETC. (IMPRINT)
Place of publication, distribution, etc. New Delhi
Name of publisher, distributor, etc. S. Chand
Date of publication, distribution, etc. 2010
Holdings
Withdrawn status Lost status Source of classification or shelving scheme Damaged status Koha normalized classification for sorting Not for loan Home library Current library Shelving location Date acquired Total Checkouts Full call number Barcode Date last seen Price effective from Koha item type
    Dewey Decimal Classification   330_000000000000000_F9   Good Samaritan School Library Good Samaritan School Library Economics 05/31/2019   330 F-9 WAS15272 05/31/2019 05/31/2019 BOOK

Powered by Koha